书目信息 |
| 题名: |
怎样画素描头像
|
|
| 作者: | 柴祖舜 编著 | |
| 分册: | ||
| 出版信息: | 上海 上海人民美术出版社 1978 |
|
| 页数: | 97页 | |
| 开本: | 19cm | |
| 丛书名: | 工农兵美术技法丛书 | |
| 单 册: | ||
| 中图分类: | J224 | |
| 科图分类: | ||
| 主题词: | 肖像画-素描-技法(美术) , 技法(美术)-肖像画-素描 , 素描-肖像画-技法(美术) | |
| 电子资源: | ||
| ISBN: | ||
| 000 | 00763nam2 2200265 45 | |
| 001 | 0178000480 | |
| 005 | 20060819153803.04 | |
| 010 | @dCNY0.24 | |
| 091 | @a8081.11309 | |
| 100 | @a19950724d1978 em y0chiy0121 ea | |
| 101 | 0 | @achi |
| 102 | @aCN@b310000 | |
| 105 | @af z 000yy | |
| 200 | 10 | @a怎样画素描头像@Azen yang hua su miao tou xiang@f柴祖舜编著@Fchai zu shun bian zhu |
| 210 | @a上海@c上海人民美术出版社@d1978 | |
| 215 | @a97页@c图@d19cm | |
| 225 | 2 | @a工农兵美术技法丛书 |
| 410 | 0 | @120010@a工农兵美术技法丛书 |
| 606 | @a肖像画-素描-技法(美术) | |
| 606 | @a技法(美术)-肖像画-素描 | |
| 606 | @a素描-肖像画-技法(美术) | |
| 690 | @aJ224@v3 | |
| 701 | 0 | @a柴祖舜@Achai zu shun@4编著 |
| 801 | 0 | @aCN@bTSSF@c20060819 |
| 905 | @a10447@dJ224@e1 | |
| 怎样画素描头像/柴祖舜编著.-上海:上海人民美术出版社,1978 |
| 97页:图;19cm.-(工农兵美术技法丛书) |
| ISBN :CNY0.24 |
| ● |
| 相关链接 |
|
|
|
|
正题名:怎样画素描头像
索取号:J224/1
 
预约/预借
| 序号 | 登录号 | 条形码 | 馆藏地/架位号 | 状态 | 备注 |
| 1 | 0002453 | 001214313 | 密集书库/ [索取号:J224/1] | 在馆 | |
| 2 | 0002454 | 001693634 | 密集书库/ [索取号:J224/1] | 在馆 | |
| 3 | 0466682 | 204666824 | 密集书库/ [索取号:J224/1] | 在馆 | |
| 4 | 0466939 | 204669395 | 密集书库/ [索取号:J224/1] | 在馆 |